000
00338 a2200145 4500
001
62890
020
_a
19823444
040
_c
Anchieta - Pituba
240
1
0
_a
Revista da Academia Baiana de Educação
_l
por
245
1
0
_a
Revista da Academia Baiana de Educação
300
_a
372
362
0
_a
2016
650
4
_a
Educação
942
_c
BK
999
_c
62890
_d
62890